Complete A-Z: Business Studies Handbook. (Record no. 1751)

MARC details
005 - DATE AND TIME OF LATEST TRANSACTION
control field 20250603074357.0
020 ## - INTERNATIONAL STANDARD BOOK NUMBER
International Standard Book Number 0 340 87263 2
082 ## - DEWEY DECIMAL CLASSIFICATION NUMBER
Classification number 658 LIN
100 ## - MAIN ENTRY--PERSONAL NAME
Author name LINES, D.
245 ## - TITLE STATEMENT
Title Complete A-Z: Business Studies Handbook.
250 ## - EDITION STATEMENT
Edition statement 4th Ed.
260 ## - PUBLICATION, DISTRIBUTION, ETC.
Place of publication, distribution, etc. London,
Name of publisher, distributor, etc. Hodder Arnold,
Date of publication, distribution, etc. 2003.
300 ## - PHYSICAL DESCRIPTION
Extent viii, 342p.: ill.; figure
Dimensions 24cm.
700 ## - ADDED ENTRY--PERSONAL NAME
Other authors/Editors MARCOUSE, I & MARTIN, B.
942 ## - ADDED ENTRY ELEMENTS (KOHA)
Source of classification or shelving scheme Dewey Decimal Classification
Koha item type Books
Holdings
Date last seen Total checkouts Full call number Barcode Cost, replacement price Price effective from Koha item type Lost status Source of classification or shelving scheme Damaged status Not for loan Withdrawn status Home library Current library Shelving location Date acquired Cost, normal purchase price
04/29/2025   658 LIN 0000006729 54000.00 04/29/2025 Books   Dewey Decimal Classification       College of Business Education Main Library College of Business Education Main Library General Collection 11/01/2006 18000.00
04/29/2025   658 LIN 0000006730 54000.00 04/29/2025 Books   Dewey Decimal Classification       College of Business Education Main Library College of Business Education Main Library General Collection 11/01/2006 18000.00
04/29/2025   658 LIN 0000006731 54000.00 04/29/2025 Books   Dewey Decimal Classification       College of Business Education Main Library College of Business Education Main Library General Collection 11/01/2006 18000.00
04/29/2025   658 LIN 0000006732 54000.00 04/29/2025 Books   Dewey Decimal Classification       College of Business Education Main Library College of Business Education Main Library General Collection 11/01/2006 18000.00
06/03/2025   LECT 658 LIN 00000010712 54000.00 06/03/2025 Books   Dewey Decimal Classification       College of Business Education Main Library College of Business Education Main Library General Collection 07/13/2005 18000.00